| 000 | 00418cam a22001337a 4500 | ||
|---|---|---|---|
| 008 | 180718b1982 xxu||||| |||| 00| 0 eng d | ||
| 082 | _aB2 R18c | ||
| 245 |
_aChanging contours: a political study _cedited by V. Venkata Rao and M. Pattabhiram |
||
| 260 |
_aSecunderabad _bM. Venkatarangaiya Foundation _c1982 |
||
| 300 | _a204p. | ||
| 650 | _aPolitical science. | ||
| 700 | _aPattabhiram, M. | ||
| 700 | _aRao, V. Venkata | ||
| 999 |
_c352455 _d352455 |
||